[Event "ch-FRA Blitz Online Qual"]
[Site "Europe-Chess INT"]
[Date "2020.05.16"]
[Round "6"]
[White "Cassam-Chenai, Antoine"]
[Black "Zienkiewicz, Alexandre"]
[Result "1-0"]
[WhiteElo "1839"]
[BlackElo "2049"]
[WhiteFideId "36087866"]
[BlackFideId "20610327"]
[EventDate "2020.05.16"]

1. e4 g6 2. d4 Bg7 3. Nc3 d6 4. Be3 a6 5. Qd2 b5 6. Nf3 Nd7 7. Bd3 Bb7 8. O-O c5
9. a4 cxd4 10. Bxd4 Bxd4 11. Nxd4 b4 12. Nd5 a5 13. Nb5 Rc8 14. f4 Ngf6 15.
Nxf6+ Nxf6 16. e5 dxe5 17. fxe5 Nd5 18. Qh6 Qb6+ 19. Kh1 Qe3 20. Qg7 Rf8 21.
Nd6+ exd6 22. exd6 Nf4 23. Bb5+ Bc6 24. Bxc6+ Rxc6 25. d7+ Ke7 26. Qxf8+ Kxf8
27. d8=Q+ Kg7 28. Rae1 Ne2 29. Qd1 Re6 30. Qd3 Qg5 31. Rxe2 Rc6 32. Qd4+ Rf6 33.
Rxf6 Qxf6 34. Qxf6+ Kxf6 35. Rf2+ Ke6 36. Kg1 f5 37. Kf1 Ke5 38. Ke1 Kd5 39. Ke2
Kc4 40. Rf4+ Kd5 41. Ke3 Ke5 42. Rc4 g5 43. Rc5+ Kd6 44. Rxa5 1-0

[Event "ch-FRA Blitz Online Qual"]
[Site "Europe-Chess INT"]
[Date "2020.05.16"]
[Round "6"]
[White "Labrande, Theodore"]
[Black "Reuillon, Hadrien"]
[Result "0-1"]
[WhiteElo "2077"]
[BlackElo "1817"]
[WhiteFideId "36045780"]
[BlackFideId "45133972"]
[EventDate "2020.05.16"]

1. e4 c5 2. Nf3 Nc6 3. d4 cxd4 4. Nxd4 g6 5. Nc3 Bg7 6. Be3 Nf6 7. Bc4 Qa5 8.
O-O Qb4 9. Bb3 Nxe4 10. Nxc6 bxc6 11. Nxe4 Qxe4 12. c3 O-O 13. Re1 Qf5 14. Bc2
Qb5 15. Rb1 d5 16. Bd3 Qb7 17. Bc5 Re8 18. c4 e5 19. Qa4 e4 20. Bf1 Bf5 21. cxd5
cxd5 22. Bb5 Red8 23. Bc6 Qc7 24. Bxa8 Qxc5 25. Rbc1 Qb6 26. Bc6 Bd4 27. Rc2 e3
28. Rd1 Bxc2 29. Qxc2 exf2+ 30. Kh1 Rc8 31. Qe2 Rxc6 32. h3 Rf6 33. Qe8+ Kg7 34.
Rf1 Qxb2 35. Qc8 Qe2 36. Qc1 Re6 37. g4 Qf3+ 38. Kh2 Be5+ 0-1

[Event "ch-FRA Blitz Online Qual"]
[Site "Europe-Chess INT"]
[Date "2020.05.16"]
[Round "6"]
[White "Tuillier, Valentin"]
[Black "Perrin, Antoine"]
[Result "0-1"]
[WhiteElo "1607"]
[BlackElo "1967"]
[WhiteFideId "36020800"]
[BlackFideId "45127255"]
[EventDate "2020.05.16"]

1. e4 c5 2. Nf3 d6 3. d4 cxd4 4. Nxd4 Nf6 5. Nc3 a6 6. Bg5 Nbd7 7. Bd3 g6 8. O-O
Bg7 9. Kh1 O-O 10. f4 Qb6 11. Nb3 Nc5 12. Nxc5 Qxc5 13. Qe2 Re8 14. e5 dxe5 15.
fxe5 Ng4 16. Bh4 Qxe5 17. Qxe5 Nxe5 18. Be4 Nc4 19. Nd5 f6 20. Nc7 Nd2 21. Rfe1
Nxe4 22. Rxe4 Bf5 23. Re2 Rac8 24. Nxe8 Rxe8 25. c3 Kf7 26. h3 Rd8 27. g4 Bd3
28. Re3 Bh6 29. Ree1 e5 30. Rad1 Bf4 31. Kg2 e4 32. Bf2 f5 33. gxf5 gxf5 34. Be3
Be5 35. Bg5 Rd6 36. Kf2 f4 37. Rg1 e3+ 38. Kf3 Rg6 39. Bxf4 Rxg1 40. Rxg1 Bxf4
41. Kxf4 e2 42. Ke3 Bb5 43. Re1 Kf6 44. Rxe2 Bc6 45. Rf2+ Kg5 46. Rf7 h5 47. Rf2
Kh4 48. Kf4 Kxh3 49. c4 h4 50. b4 Bg2 51. c5 Kh2 52. a4 h3 53. b5 Kg1 54. Rc2 h2
55. Rc1+ Bf1 56. Kg3 h1=Q 57. bxa6 bxa6 58. c6 Qg2+ 59. Kh4 Qe4+ 60. Kg3 Qe3+ 0-1

[Event "ch-FRA Blitz Online Qual"]
[Site "Europe-Chess INT"]
[Date "2020.05.16"]
[Round "6"]
[White "Monnot, Leo"]
[Black "Gordon, James"]
[Result "0-1"]
[WhiteElo "1964"]
[BlackElo "1775"]
[WhiteFideId "26093103"]
[BlackFideId "45186154"]
[EventDate "2020.05.16"]

1. e4 d6 2. d4 Nf6 3. Nc3 Nbd7 4. Nf3 e5 5. Bc4 Be7 6. O-O c6 7. a4 Qc7 8. Re1
h6 9. b3 Nf8 10. Ba3 Ng6 11. dxe5 dxe5 12. Bxe7 Qxe7 13. Qc1 Bg4 14. Qe3 O-O 15.
Ne2 Rfd8 16. Ng3 Nf4 17. Nf5 Qc7 18. Qc5 Bxf3 19. gxf3 Ng6 20. Kh1 b6 21. Qe3
Kh7 22. Rg1 Rg8 23. Rad1 Nf4 24. Rg3 g6 25. Nd6 Raf8 26. Rgg1 N6h5 27. Bf1 Rd8
28. Nc4 Rxd1 29. Nd2 Qd6 30. Nc4 Qd4 31. Qxd4 exd4 32. Nb2 Rd2 33. Nc4 Rxf2 34.
Bd3 Nh3 35. Rf1 Rxf1+ 36. Bxf1 N3f4 37. Nd6 Kg7 38. Nc4 c5 39. a5 Rb8 40. a6 Ne6
41. Ne5 Rc8 42. Bb5 Nhf4 43. Bd7 Rc7 44. Bb5 f6 45. Nc6 d3 46. cxd3 Nxd3 47.
Bxd3 Rxc6 48. Bb5 Rc7 49. Kg2 Nd4 50. Kf2 Nxb5 51. Ke3 Rd7 52. Ke2 Kf7 53. Ke3
g5 54. Ke2 Ke6 55. Ke3 Ke5 56. Ke2 Rd4 57. Kf2 Rd2+ 58. Ke1 Rxh2 59. Kf1 Kf4 60.
Kg1 Rb2 61. b4 Kg3 62. Kh1 Rb1# 0-1

[Event "ch-FRA Blitz Online Qual"]
[Site "Europe-Chess INT"]
[Date "2020.05.16"]
[Round "6"]
[White "Breuil, Virgile"]
[Black "Gretry, Patrice"]
[Result "0-1"]
[WhiteElo "1622"]
[BlackElo "2017"]
[WhiteFideId "45163693"]
[BlackFideId "624675"]
[EventDate "2020.05.16"]

1. e4 e5 2. Nc3 Nf6 3. Bc4 Nc6 4. Nf3 Bc5 5. d3 d6 6. h3 h6 7. O-O a6 8. a3 O-O
9. Be3 Ba7 10. Re1 Bd7 11. d4 exd4 12. Bxd4 Nxd4 13. Nxd4 Re8 14. Nf3 Bc6 15.
Bd5 Nxd5 16. exd5 Bd7 17. Qd2 Qf6 18. Ne4 Qxb2 19. Rab1 Qa2 20. Rxb7 Bb6 21.
Nxd6 Rxe1+ 22. Nxe1 Qxa3 23. Nc4 Qe7 24. d6 Qd8 25. dxc7 Bxc7 26. Nd3 Bc6 27.
Rb1 Qd5 28. Ne3 Qd6 29. g3 Rd8 30. Qb4 Qd7 31. Nc5 Qxh3 32. Qe1 Qh1# 0-1

[Event "ch-FRA Blitz Online Qual"]
[Site "Europe-Chess INT"]
[Date "2020.05.16"]
[Round "6"]
[White "Trevisiol, Antoine"]
[Black "Courbi, Stephane"]
[Result "1-0"]
[WhiteElo "1788"]
[BlackElo "1955"]
[WhiteFideId "45136530"]
[BlackFideId "647462"]
[EventDate "2020.05.16"]

1. d4 Nf6 2. c4 e6 3. Nf3 d5 4. Nc3 Bb4 5. Bg5 h6 6. Bh4 dxc4 7. e3 b5 8. a4 c6
9. axb5 cxb5 10. Nd2 Bb7 11. Nxb5 O-O 12. f3 a6 13. Nc3 g5 14. Bg3 Nc6 15. Bxc4
Nh5 16. Bd3 Rc8 17. Kf2 f5 18. Qb3 Nxd4 19. exd4 Qxd4+ 20. Ke2 Kg7 21. Nc4 Nxg3+
22. hxg3 e5 23. Qxb4 e4 24. Qxb7+ Rf7 25. Qxc8 Qxd3+ 26. Kf2 Qd4+ 27. Kf1 Qd3+
28. Kg1 Qd4+ 29. Kh2 exf3 30. Rhf1 fxg2 31. Kxg2 Qd3 32. Rac1 f4 33. gxf4 gxf4
34. Qg4+ Kh7 35. Qf3 Rg7+ 36. Kh1 Qxc4 37. Qe4+ Qxe4+ 38. Nxe4 1-0

[Event "ch-FRA Blitz Online Qual"]
[Site "Europe-Chess INT"]
[Date "2020.05.16"]
[Round "6"]
[White "Labelle, Ambroise"]
[Black "Stoll, Lucia"]
[Result "1-0"]
[WhiteElo "1952"]
[BlackElo "1561"]
[WhiteFideId "26092050"]
[BlackFideId "45133301"]
[EventDate "2020.05.16"]

1. e4 e5 2. Nf3 Nc6 3. d4 exd4 4. Nxd4 Bc5 5. Nxc6 Qf6 6. Qf3 Qxf3 7. gxf3 dxc6
8. Be3 Bb4+ 9. c3 Bd6 10. Nd2 Be6 11. Nc4 O-O-O 12. Nxd6+ Rxd6 13. Rd1 Rxd1+ 14.
Kxd1 Bxa2 15. Bxa7 b6 16. Ba6+ Kd7 17. Kc2 Nf6 18. Ra1 Be6 19. b4 b5 20. Rd1+
Ke7 21. Bc5+ Ke8 22. Bb7 Bd7 23. Ra1 Rg8 24. Ra8+ Bc8 25. Rxc8+ Kd7 26. Rxg8
Nxg8 27. Kd3 Nh6 28. c4 bxc4+ 29. Kxc4 f6 30. Ba6 Nf7 31. Bd4 Nd6+ 32. Kd3 f5
33. e5 Nf7 34. Bc4 Ng5 35. Ke3 g6 36. Kf4 h6 37. h4 Nh3+ 38. Kg3 Ng1 39. Kg2
Nxf3 40. Kxf3 g5 41. hxg5 hxg5 42. e6+ Ke7 43. Bc5+ Ke8 44. e7 g4+ 45. Kf4 Kd7
46. Be6+ Ke8 47. Kxf5 g3 48. f4 g2 49. Bc4 g1=Q 50. Bxg1 Kxe7 51. Bc5+ Ke8 52.
Ke6 Kd8 53. Be7+ Ke8 54. b5 c5 55. b6 c6 56. Ba6 c4 57. Bc8 c5 58. Bd7# 1-0

[Event "ch-FRA Blitz Online Qual"]
[Site "Europe-Chess INT"]
[Date "2020.05.16"]
[Round "6"]
[White "Haberthur, Maxime"]
[Black "Robine, Guillaume"]
[Result "1-0"]
[WhiteElo "1941"]
[BlackElo "1571"]
[WhiteFideId "36097551"]
[BlackFideId "45127352"]
[EventDate "2020.05.16"]

1. e4 d5 2. exd5 Nf6 3. d4 Bg4 4. Nf3 Qxd5 5. Be2 Nc6 6. Be3 O-O-O 7. Nbd2 e6 8.
O-O Bd6 9. c4 Qf5 10. a3 h5 11. b4 Bxf3 12. Bxf3 g5 13. b5 Nxd4 14. Bxd4 g4 15.
Bxf6 Qxf6 16. Be4 Qh4 17. g3 Qg5 18. Qe2 h4 19. Qe3 Qh5 20. Rfd1 hxg3 21. hxg3
Bc5 22. Qe2 f5 23. Bg2 f4 24. Kf1 f3 25. Nxf3 gxf3 26. Qxf3 Qxf3 27. Bxf3 Bd4
28. Rab1 e5 29. Kg2 Rh7 30. Rh1 Rdh8 31. Rxh7 Rxh7 32. Bg4+ Kd8 33. Bf5 Rf7 34.
Be4 Rxf2+ 35. Kh3 b6 36. Bc6 Ke7 37. Kg4 Kd6 38. Rh1 Kc5 39. Bd5 Ra2 40. Rh7 Kd6
41. Rh6+ Kc5 42. Rc6# 1-0

[Event "ch-FRA Blitz Online Qual"]
[Site "Europe-Chess INT"]
[Date "2020.05.16"]
[Round "6"]
[White "Partac, Elena"]
[Black "Fondrat, Johan"]
[Result "1-0"]
[WhiteTitle "WGM"]
[WhiteElo "2079"]
[BlackElo "1509"]
[WhiteFideId "13901001"]
[BlackFideId "45156069"]
[EventDate "2020.05.16"]

1. e4 c5 2. Nf3 Nc6 3. Bb5 g6 4. O-O Bg7 5. Re1 Nf6 6. e5 Nd5 7. Nc3 Nxc3 8.
dxc3 a6 9. Bxc6 bxc6 10. Be3 Qa5 11. Qd3 O-O 12. a3 Rb8 13. b4 cxb4 14. cxb4 Qb5
15. c4 Qb7 16. Bc5 d6 17. exd6 Bxa1 18. dxe7 Re8 19. Rxa1 Rxe7 20. Bxe7 Qxe7 21.
Re1 Qd7 22. Qe3 Qe6 23. Qf4 Qf5 24. Qxb8 1-0

[Event "ch-FRA Blitz Online Qual"]
[Site "Europe-Chess INT"]
[Date "2020.05.16"]
[Round "6"]
[White "Menjra, Yanis"]
[Black "Lavanant, Alexandre"]
[Result "1-0"]
[WhiteElo "1489"]
[BlackElo "1937"]
[WhiteFideId "45155500"]
[BlackFideId "654949"]
[EventDate "2020.05.16"]

1. d4 Nf6 2. Nf3 c5 3. e3 b6 4. c3 e6 5. Nbd2 Be7 6. Be2 Ba6 7. O-O O-O 8. Bxa6
Nxa6 9. Qa4 Nc7 10. Ne5 a6 11. dxc5 bxc5 12. Ndf3 d6 13. Nc6 Qe8 14. Nxe7+ Qxe7
15. Qc2 Rab8 16. c4 d5 17. b3 Rfd8 18. Ba3 Ne4 19. cxd5 exd5 20. Rac1 Ne6 21.
Ne5 Rbc8 22. f3 Nf6 23. Qe2 Nf8 24. Nd3 Ne6 25. Qf2 Re8 26. Rc2 Nd7 27. Rfc1 Rc7
28. f4 Rec8 29. f5 Nd8 30. g4 Qe4 31. Nf4 Nb7 32. Bb2 Re8 33. Re1 Nf6 34. Rd2 d4
35. Rde2 Rce7 36. exd4 Qxe2 37. Rxe2 Rxe2 38. Nxe2 Nxg4 39. Qf3 Nf6 40. dxc5
Nxc5 41. Bxf6 gxf6 42. Ng3 Nd7 43. Nh5 Kf8 44. Qc3 Re5 45. Nxf6 1-0

[Event "ch-FRA Blitz Online Qual"]
[Site "Europe-Chess INT"]
[Date "2020.05.16"]
[Round "6"]
[White "Roux, Baptiste"]
[Black "Gandreuil, Brice"]
[Result "1-0"]
[WhiteElo "2145"]
[BlackElo "1500"]
[WhiteFideId "36017450"]
[BlackFideId "36078425"]
[EventDate "2020.05.16"]

1. e4 e6 2. d4 d5 3. Bd3 Nf6 4. e5 Nfd7 5. Ne2 c5 6. c3 Nc6 7. O-O cxd4 8. cxd4
f6 9. f4 fxe5 10. fxe5 Be7 11. Bc2 b6 12. Nf4 Ndxe5 13. dxe5 Bc5+ 14. Kh1 O-O
15. Nc3 Ba6 16. Rf3 Nxe5 17. Rh3 Qf6 18. Bxh7+ Kf7 19. Bd2 Ke7 20. Ncxd5+ exd5
21. Nxd5+ Ke6 22. Nxf6 Rxf6 23. Qb3+ Bc4 24. Qg3 Raf8 25. Qe1 Bf2 26. Qc1 Bc5
27. Bd3 Bxd3 28. Rxd3 Nxd3 29. Qc4+ Ke7 30. Qxd3 Rf1+ 31. Rxf1 Rxf1+ 32. Qxf1
Kd6 33. Qd3+ Kc6 34. Bf4 Kb7 35. a4 Bb4 36. Qd5+ Ka6 37. Qc6 Bc5 38. Bd2 Bf2 39.
Qc8# 1-0

[Event "ch-FRA Blitz Online Qual"]
[Site "Europe-Chess INT"]
[Date "2020.05.16"]
[Round "6"]
[White "Auribault, Louis"]
[Black "Khachatryan, Samvel S."]
[Result "0-1"]
[WhiteElo "1618"]
[BlackElo "2179"]
[WhiteFideId "45196591"]
[BlackFideId "13309048"]
[EventDate "2020.05.16"]

1. e4 d5 2. exd5 Nf6 3. d4 Bg4 4. Bb5+ Nbd7 5. f3 Bf5 6. g4 Bg6 7. Nc3 a6 8. Ba4
b5 9. Bb3 Nb6 10. h4 h6 11. Bd2 Nfxd5 12. Qe2 e6 13. O-O-O Nxc3 14. Bxc3 Nd5 15.
Bxd5 Qxd5 16. Kb1 b4 17. Bd2 b3 18. axb3 Qxb3 19. Bc3 Rb8 20. Kc1 Qa4 21. b3 Qa2
22. d5 Ba3+ 23. Kd2 Qxc2+ 24. Ke1 Qxc3+ 25. Kf2 e5 26. f4 Bc5+ 27. Kg2 Rxb3 28.
fxe5 Rb2 29. Qxb2 Qxb2+ 30. Kf1 Qf2# 0-1

[Event "ch-FRA Blitz Online Qual"]
[Site "Europe-Chess INT"]
[Date "2020.05.16"]
[Round "6"]
[White "Casas, Alexandre"]
[Black "De Monts, Louis"]
[Result "1/2-1/2"]
[WhiteElo "1933"]
[BlackElo "1630"]
[WhiteFideId "45173451"]
[BlackFideId "36088781"]
[EventDate "2020.05.16"]

1. d4 Nf6 2. c4 g6 3. Nc3 d6 4. e4 Bg7 5. f3 O-O 6. Be3 Nbd7 7. Qd2 c5 8. O-O-O
a6 9. g4 b5 10. cxb5 axb5 11. Bxb5 Qb6 12. a4 Ba6 13. Nge2 Bxb5 14. axb5 Rfc8
15. Kb1 Qa5 16. Bh6 cxd4 17. Nxd4 Qa1+ 18. Kc2 Qa4+ 19. Kb1 Qa1+ 20. Kc2 Qa4+
21. Kd3 Qc4+ 22. Kc2 Qa4+ 1/2-1/2

[Event "ch-FRA Blitz Online Qual"]
[Site "Europe-Chess INT"]
[Date "2020.05.16"]
[Round "6"]
[White "Mendoza, Mael"]
[Black "Cleran, Anthony"]
[Result "0-1"]
[WhiteElo "1451"]
[BlackElo "1933"]
[WhiteFideId "551036533"]
[BlackFideId "626066"]
[EventDate "2020.05.16"]

1. e4 c5 2. Nf3 e6 3. d4 cxd4 4. Nxd4 Bc5 5. Nb3 Bb6 6. Nc3 Nc6 7. Bf4 Nge7 8.
Nb5 O-O 9. Nd6 f5 10. e5 Ng6 11. g3 Ncxe5 12. Bg2 Nxf4 13. gxf4 Ng4 14. O-O Qh4
15. h3 Nxf2 16. Qf3 Nxh3+ 17. Kh2 Ng5+ 0-1

[Event "ch-FRA Blitz Online Qual"]
[Site "Europe-Chess INT"]
[Date "2020.05.16"]
[Round "6"]
[White "Gherghinoiu, Lucas"]
[Black "Moindjie, Nassuf"]
[Result "1-0"]
[WhiteElo "2089"]
[BlackElo "1471"]
[WhiteFideId "36051462"]
[BlackFideId "551098237"]
[EventDate "2020.05.16"]

1. e4 c5 2. Nf3 Nc6 3. d4 cxd4 4. Nxd4 e5 5. Nb5 d6 6. N1c3 a6 7. Na3 f5 8. exf5
Bxf5 9. Be3 b5 10. Nd5 Nf6 11. Bb6 Qb8 12. Nc7+ Kf7 13. Nxa8 Qxa8 14. Bd3 e4 15.
Be2 d5 16. O-O Bd6 17. Bd4 1-0

[Event "ch-FRA Blitz Online Qual"]
[Site "Europe-Chess INT"]
[Date "2020.05.16"]
[Round "6"]
[White "Briand, Amaury"]
[Black "Hilton, Marc"]
[Result "1-0"]
[WhiteElo "1929"]
[BlackElo "1546"]
[WhiteFideId "36054968"]
[BlackFideId "36086983"]
[EventDate "2020.05.16"]

1. e4 c5 2. Nf3 d6 3. d4 cxd4 4. Nxd4 Nf6 5. Nc3 a6 6. Nb3 Nc6 7. f3 e6 8. Be3
Be7 9. Qd2 Bd7 10. g4 O-O 11. g5 Nh5 12. Ne2 Ne5 13. Bg2 Nc4 14. Qc3 Nxe3 15.
Qxe3 Rc8 16. f4 Rxc2 17. Bf3 g6 18. Bxh5 gxh5 19. Qh3 Bb5 20. Ned4 Rxb2 21. f5
Bxg5 22. Rg1 e5 23. Nxb5 axb5 24. Qxh5 f6 25. h4 Qb6 26. Rxg5+ fxg5 27. Qxg5+
Kf7 28. O-O-O Rxa2 29. Kb1 Qa7 30. Rxd6 Qf2 31. Rd7+ Ke8 32. Qe7# 1-0

[Event "ch-FRA Blitz Online Qual"]
[Site "Europe-Chess INT"]
[Date "2020.05.16"]
[Round "6"]
[White "Baudouin, Simon"]
[Black "Paralieu, Maxime"]
[Result "1-0"]
[WhiteElo "1926"]
[BlackElo "1569"]
[WhiteFideId "36051284"]
[BlackFideId "45154171"]
[EventDate "2020.05.16"]

1. c4 e5 2. g3 Nf6 3. Bg2 g6 4. Nc3 Bg7 5. Nf3 Nc6 6. O-O O-O 7. d4 exd4 8. Nxd4
Re8 9. h3 Qe7 10. e4 Ne5 11. b3 d6 12. Bg5 Ned7 13. Nd5 Qd8 14. Qd2 c6 15. Nc3
Nc5 16. Rfe1 Qc7 17. Rad1 Bd7 18. Kh2 Rac8 19. f4 a6 20. b4 Ne6 21. Nxe6 Bxe6
22. Qxd6 Qxd6 23. Rxd6 Bxc4 24. Bxf6 Bf8 25. Rd7 Bxb4 26. Red1 Bxc3 27. Bxc3 b5
28. a4 bxa4 29. e5 Bb5 30. Ra7 Re6 31. Rdd7 Rf8 32. g4 c5 33. Bd5 Rb6 34. Bxf7+
Kh8 35. e6# 1-0

[Event "ch-FRA Blitz Online Qual"]
[Site "Europe-Chess INT"]
[Date "2020.05.16"]
[Round "6"]
[White "Roussel, Matthieu"]
[Black "Dubois, Martine"]
[Result "0-1"]
[BlackTitle "WIM"]
[WhiteElo "1577"]
[BlackElo "1802"]
[WhiteFideId "36070009"]
[BlackFideId "601926"]
[EventDate "2020.05.16"]

1. e4 e5 2. Qh5 Qe7 3. Nc3 Nf6 4. Qf3 d6 5. Bc4 Nc6 6. Nge2 Bg4 7. Qg3 h5 8. h3
h4 9. Qe3 Bd7 10. d3 g6 11. Qf3 Nd4 12. Nxd4 exd4 13. Ne2 c6 14. Nxd4 d5 15. Bb3
dxe4 16. dxe4 Qxe4+ 17. Qxe4+ Nxe4 18. O-O O-O-O 19. Bxf7 Bc5 20. Ne6 Bxe6 21.
Bxe6+ Kb8 22. Bf4+ Ka8 23. Rae1 Nd2 24. Bxd2 Rxd2 25. Bb3 Rf8 26. Kh1 Bxf2 27.
Re6 a6 28. Rxg6 Rdd8 29. Re6 Ka7 30. c4 Bg3 31. Re2 Rxf1# 0-1

[Event "ch-FRA Blitz Online Qual"]
[Site "Europe-Chess INT"]
[Date "2020.05.16"]
[Round "6"]
[White "Weber, Richard"]
[Black "Robert, Yoann"]
[Result "0-1"]
[WhiteElo "1463"]
[BlackElo "2071"]
[WhiteFideId "644382"]
[BlackFideId "36018805"]
[EventDate "2020.05.16"]

1. d4 f5 2. Nc3 Nf6 3. Bf4 d6 4. e3 g6 5. h3 Bg7 6. Bc4 c6 7. d5 c5 8. Nge2 O-O
9. O-O a6 10. a4 Nbd7 11. b3 Kh8 12. Ng3 Ne5 13. Bxe5 dxe5 14. e4 f4 15. Nge2 g5
16. f3 h5 17. Kh2 g4 18. Ng1 g3+ 19. Kh1 Nh7 20. Nge2 Bd7 21. d6 exd6 22. Qxd6
Qc8 23. Qd3 Bxh3 24. Ng1 Be6 25. Bxe6 Qxe6 26. Qd5 Qg6 27. Nh3 Ng5 28. Qd2 h4
29. Rad1 Bf6 30. Rg1 Rad8 31. Qe2 Qf7 32. Nd5 Rxd5 33. Rxd5 Qe6 34. Nxg5 Bxg5
35. Rgd1 h3 36. Rd6 Qc8 37. Rd7 b5 38. gxh3 Qe8 39. Kg2 Qh5 40. Rh1 Qg6 41. Qd3
bxa4 42. bxa4 Qb6 43. Qd6 Qxd6 44. Rxd6 Rb8 45. Rhd1 Rb2 46. R6d2 Be7 47. Re2 c4
48. Rd7 Bf6 49. Ra7 Rb1 50. Rxa6 Be7 51. Re6 Bc5 52. h4 Rg1+ 53. Kh3 Rh1+ 54.
Kg4 Bf2 55. Rh6+ Kg7 56. Kg5 g2 57. Rg6+ Kf7 58. Kf5 g1=Q 59. Rxg1 Bxg1 60. Rg2
Bd4 61. Rg4 Rh3 62. Kg5 Rxf3 63. h5 Rg3 64. h6 Rxg4+ 65. Kxg4 Kg6 66. h7 Kxh7
67. Kf3 Kg6 68. a5 Kf6 69. a6 Ke6 70. Kg4 Kd6 71. Kf3 Kc6 0-1

[Event "ch-FRA Blitz Online Qual"]
[Site "Europe-Chess INT"]
[Date "2020.05.16"]
[Round "6"]
[White "Mareau, Timothe"]
[Black "Sumarriva Paulin, Laura"]
[Result "0-1"]
[BlackTitle "WFM"]
[WhiteElo "1642"]
[BlackElo "2023"]
[WhiteFideId "45148864"]
[BlackFideId "45102635"]
[EventDate "2020.05.16"]

1. e4 e6 2. d4 d5 3. Be3 dxe4 4. f3 exf3 5. Nxf3 Nf6 6. Bd3 Bd6 7. O-O O-O 8.
Qe1 Nc6 9. Qh4 Be7 10. Ne5 Nb4 11. Be2 Nxc2 12. Bd3 Nxe3 13. Rxf6 g6 14. Bxg6
fxg6 15. Rxg6+ hxg6 16. Qh6 Rf1# 0-1

[Event "ch-FRA Blitz Online Qual"]
[Site "Europe-Chess INT"]
[Date "2020.05.16"]
[Round "6"]
[White "Dazi, Adam"]
[Black "Macqueron, Gregory"]
[Result "1-0"]
[WhiteElo "1336"]
[BlackElo "1927"]
[WhiteFideId "45106959"]
[BlackFideId "551004240"]
[EventDate "2020.05.16"]

1. e4 d6 2. Nf3 Nf6 3. Nc3 e5 4. Bc4 Be7 5. d3 c6 6. Bg5 h6 7. Bh4 Qc7 8. O-O
Nbd7 9. Qe2 Nf8 10. h3 g5 11. Bg3 Ng6 12. d4 g4 13. hxg4 Bxg4 14. Qe3 h5 15. Ng5
exd4 16. Qxd4 Ne5 17. f3 h4 18. Bxe5 dxe5 19. Bxf7+ Kf8 20. Qe3 Nd7 21. fxg4 Bc5
22. Ne6+ Ke7 23. Qxc5+ Nxc5 24. Nxc7 Rac8 25. b4 Nd7 26. Ne6 Nf6 27. g5 Ng4 28.
g6 Rh5 29. g7 Rh7 30. g8=Q Rxg8 31. Bxg8 Rh8 32. Rf7+ Kd6 33. Rf8 Nf6 34. Rxf6
Rxg8 35. Nd4+ Ke7 36. Re6+ Kf7 37. Rxe5 Rg4 38. Rf1+ Kg7 39. Ne6+ Kg6 40. Ref5
Rg3 41. Rf6+ Kh7 42. Rf7+ Kg8 43. Rf8+ Kh7 44. Ne2 Kg6 45. Nxg3 1-0

[Event "ch-FRA Blitz Online Qual"]
[Site "Europe-Chess INT"]
[Date "2020.05.16"]
[Round "6"]
[White "Leonardy, Batiste"]
[Black "Tomasi, Elise"]
[Result "0-1"]
[WhiteElo "1177"]
[BlackElo "2030"]
[WhiteFideId "36062880"]
[BlackFideId "26088843"]
[EventDate "2020.05.16"]

1. e4 e5 2. Nf3 Nc6 3. Bb5 a6 4. Ba4 Nf6 5. O-O b5 6. Bb3 Bc5 7. c3 d6 8. h3 h6
9. d4 Bb6 10. Re1 g5 11. Nxg5 hxg5 12. Bxg5 Rg8 13. h4 Qe7 14. Qf3 Rg6 15. Bd5
Bd7 16. Bxf6 Qxf6 17. Qh5 O-O-O 18. Re3 Rh8 19. Qe2 Qxh4 0-1

[Event "ch-FRA Blitz Online Qual"]
[Site "Europe-Chess INT"]
[Date "2020.05.16"]
[Round "6"]
[White "Lequang, Enzo"]
[Black "Lesueur, Gabriel"]
[Result "0-1"]
[WhiteElo "1068"]
[BlackElo "1906"]
[WhiteFideId "551052911"]
[BlackFideId "45186359"]
[EventDate "2020.05.16"]

1. e4 e6 2. d4 d5 3. exd5 exd5 4. Nc3 Nc6 5. Bf4 Bd6 6. Bg3 Nge7 7. Nf3 Bg4 8.
Be2 f6 9. h3 Bf5 10. Bxd6 Qxd6 11. O-O O-O-O 12. a4 g5 13. a5 h5 14. a6 b6 15.
Bb5 g4 16. hxg4 hxg4 17. g3 gxf3 18. Qxf3 Nxd4 19. Qe3 Nxc2 20. Qc1 Nxa1 21.
Qxa1 d4 22. Ne2 Qd5 23. f3 Qxb5 24. Re1 Nd5 25. Nxd4 Qc5 26. Rd1 Nb4 27. g4 Rxd4
28. Rxd4 Qxd4+ 29. Kg2 Qd2+ 30. Kg3 Nd3 31. gxf5 Qf2+ 32. Kg4 Rg8+ 33. Kh5 Qh2# 0-1

[Event "ch-FRA Blitz Online Qual"]
[Site "Europe-Chess INT"]
[Date "2020.05.16"]
[Round "6"]
[White "Daurelle, Herve"]
[Black "Ciarletta, Iris"]
[Result "0-1"]
[WhiteTitle "FM"]
[WhiteElo "2205"]
[BlackElo "1493"]
[WhiteFideId "602655"]
[BlackFideId "45133263"]
[EventDate "2020.05.16"]

1. e4 c5 2. Nf3 d6 3. d4 cxd4 4. Nxd4 Nf6 5. Nc3 a6 6. Bg5 g6 7. Bxf6 exf6 8. h4
Bg7 9. h5 g5 10. h6 Bf8 11. Bc4 Nc6 12. Qh5 Qe7 13. O-O-O Nxd4 14. Rxd4 Be6 15.
Bxe6 Qxe6 16. Nd5 Rc8 17. Rh3 Be7 18. Rb3 b5 19. f4 O-O 20. Rg3 Kh8 21. fxg5 Qe5
22. Rgd3 fxg5 23. Nxe7 Qxe7 24. Qf3 Rcd8 25. Qf5 Rfe8 26. e5 dxe5 27. Rd7 Rxd7
28. Rxd7 Qe6 29. Qxe6 fxe6 30. Kd2 e4 31. Ke3 e5 32. Kxe4 Kg8 33. Rd6 Re7 34.
Rxa6 Kf7 35. Rb6 Ra7 36. Rxb5 Rxa2 37. b4 Rxc2 38. Rb7+ Kg6 39. Rb6+ Kh5 40. Kf5
Rf2+ 41. Kxe5 Rxg2 42. b5 Re2+ 43. Kd4 g4 44. Rb7 g3 45. Rg7 Rb2 46. Kc5 g2 47.
b6 Kxh6 48. Rg3 Kh5 49. Kc6 Kh4 50. Rg7 h5 51. b7 Kh3 52. Kc7 Kh2 53. b8=Q Rxb8
54. Kxb8 g1=Q 55. Rxg1 Kxg1 56. Kc7 h4 57. Kd6 h3 58. Ke5 h2 59. Kf4 h1=Q 60.
Kg3 Qg2+ 61. Kf4 Qd5 62. Ke3 Kg2 63. Ke2 Qe4+ 64. Kd2 Qf3 65. Kc2 Qe3 0-1

[Event "ch-FRA Blitz Online Qual"]
[Site "Europe-Chess INT"]
[Date "2020.05.16"]
[Round "6"]
[White "Gratton, Alexandre"]
[Black "Nizard, Roger"]
[Result "0-1"]
[WhiteElo "1792"]
[BlackElo "2144"]
[WhiteFideId "551063689"]
[BlackFideId "604569"]
[EventDate "2020.05.16"]

1. c4 c5 2. Nf3 Nc6 3. g3 g6 4. Bg2 Bg7 5. O-O e6 6. Nc3 Nge7 7. Rb1 O-O 8. a3
a5 9. e3 Nf5 10. Nb5 Qb6 11. b3 Rd8 12. Bb2 d6 13. Bxg7 Kxg7 14. d4 cxd4 15.
Nfxd4 Nfxd4 16. Nxd4 Nxd4 17. exd4 Bd7 18. d5 e5 19. Kh1 Bf5 20. Rb2 Qc5 21. f4
Qxa3 22. Rbf2 exf4 23. Rxf4 Rf8 24. g4 Bd7 25. Qd4+ Kg8 26. R4f3 Qc5 27. Qf4
Rae8 28. Rh3 f6 29. Qh6 Rf7 30. Qh4 Qd4 31. Rg3 Re2 32. h3 a4 33. Rgf3 f5 34.
Qg3 axb3 35. gxf5 Qe5 36. fxg6 hxg6 37. Qxg6+ Qg7 38. Qxf7+ Qxf7 39. Rxf7 b2 40.
Rb1 Kxf7 41. Kg1 Bf5 0-1